AutoCAD 2009 tutor for engineering graphics / (Record no. 5283)
[ view plain ]
| 000 -LEADER | |
|---|---|
| fixed length control field | 00702cam a2200193 a 4500 |
| 020 ## - ISBN | |
| International Standard Book Number | 9781435402560 (pbk) |
| 020 ## - ISBN | |
| International Standard Book Number | 1435402561 |
| 050 00 - LIBRARY OF CONGRESS CALL NUMBER | |
| Classification Number | T 385 |
| Item Number | .K34 2009 |
| 100 1# - MAIN ENTRY--Author | |
| Personal name | Kalameja, Alan J. |
| 245 10 - TITLE | |
| Title | AutoCAD 2009 tutor for engineering graphics / |
| Statement of responsibility, etc | Alan J. Kalameja. |
| 260 ## - PUBLICATION, DISTRIBUTION, ETC.(IMPRINT) | |
| Place of publication, distribution, etc | Clifton Park, N.Y. : |
| Name of publisher, distributor, etc | Delmar Cengage Learning, |
| Date of publication, distribution, etc | c2009. |
| 300 ## - PHYSICAL DESCRIPTION | |
| Extent | 1218 p. : |
| 500 ## - GENERALNOTE | |
| General note | Includes index. |
| 650 #0 - SUBJECT--TOPIC | |
| Topical term following geographic name as entry element | communication with AUTOCAD |
| 856 42 - URL/ELECTRONIC LOCATION AND ACCESS | |
| Uniform Resource Identifier | <a href="http://www.loc.gov/catdir/enhancements/fy1104/2008905992-b.html">http://www.loc.gov/catdir/enhancements/fy1104/2008905992-b.html</a> |
| 856 42 - URL/ELECTRONIC LOCATION AND ACCESS | |
| Uniform Resource Identifier | <a href="http://www.loc.gov/catdir/enhancements/fy1104/2008905992-d.html">http://www.loc.gov/catdir/enhancements/fy1104/2008905992-d.html</a> |
| 856 41 - URL/ELECTRONIC LOCATION AND ACCESS | |
| Uniform Resource Identifier | <a href="http://www.loc.gov/catdir/enhancements/fy1104/2008905992-t.html">http://www.loc.gov/catdir/enhancements/fy1104/2008905992-t.html</a> |
| 942 ## - ADDED ENTRY ELEMENTS(KOHA) | |
| Source of classification or shelving scheme | Library of Congress Classification |
| Koha item type | General circulation |
| Source of classification or shelving scheme | Not for loan | Location (home branch) | Sublocation (holding branch) | Shelving location | Date accessioned | Full call number | Barcode | Koha item type | Cost, normal purchase price | Cost, replacement price | Nonpublic note | Public note |
|---|---|---|---|---|---|---|---|---|---|---|---|---|
| Library of Congress Classification | Main Campus Library | Main Campus Library | 06/07/2015 | T 385 .K34 2009 | 2015/001875 | General circulation | ||||||
| Library of Congress Classification | Main Campus Library | Main Campus Library | 15/07/2015 | T 385 .K34 2009 | 2015/002893 | General circulation | 1830.00 | 2013.00 | Nzk | Nzk | ||
| Library of Congress Classification | Main Campus Library | Main Campus Library | 15/07/2015 | T 385 .K34 2009 | 2015/002877 | General circulation | 1830.00 | 2013.00 | Nzk | Nzk | ||
| Library of Congress Classification | Main Campus Library | Main Campus Library | 20/07/2015 | T 385 .K34 2009 | 2015/003800 | General circulation | 1830.00 | 2013.00 | Nzk | Nzk | ||
| Library of Congress Classification | Main Campus Library | Main Campus Library | 31/07/2015 | T 385 .K34 2009 | 2015/005685 | General circulation | 1830.00 | 2013.00 | Nzk | Nzk | ||
| Library of Congress Classification | SEKU - Machakos Campus Library | SEKU - Machakos Campus Library | 25/02/2016 | T 385 .K34 2009 | 2016/010367 | General circulation | A.K. | |||||
| Library of Congress Classification | Wote Campus Library | Wote Campus Library | 18/02/2016 | T 385 .K34 2009 | 2016/011406 | General circulation | GM |